00872cam a22002532a 450000100060000000300080000600500170001400800410003103500190007204000310009104100080012208200200013010000440015024500730019426000500026730000260031749000300034350400280037383000150040183000320041694200120044899900170046095201410047722971BD-RjUL20211209000857.0140309s1960 enk b 000 1 eng d a(BD-RjUL)23036 aCUcDZMdUKMdBD-RjULbeng aeng a843.7bBAO 18971 aBalzac, Honoré de,d1799-1850.97082910aOld Goriot /cTranslated by Ellen Marriage. Introd. by Marcel Girard aLondon :bDent ;aNew York :bDutton,c[1960] a406 pbill. ;c21 cm.1 aEveryman's library ;v170 aBibliography: p. vii-ix 0v170970832 0aEveryman's library ;970833 2ddccBK c22971d22971 00102ddc40728FICaRUCLbRUCLcReadingd1956-11-20eB.H.Blackwellg10.50l0o843.7 BAO 1897r2014-03-09 00:00:00tC-1w2014-03-09yBK